[Event "Schleswig Holstein-ch Vormeister"]
[Site "Schoenberg"]
[Date "2005.??.??"]
[Round "7"]
[White "Dreesen, Jan"]
[Black "Jochens, Arne"]
[Result "0-1"]
[WhiteElo "2166"]
[BlackElo "2174"]
[PlyCount "120"]
[EventDate "2005.10.??"]
[EventType "tourn"]
[EventRounds "9"]
[EventCountry "GER"]
[SourceTitle "EXT 2022"]
[Source "ChessBase"]
[SourceDate "2021.10.06"]
[SourceVersion "1"]
[SourceVersionDate "2021.10.06"]
[SourceQuality "1"]

1. d4 Nf6 2. Bg5 c5 3. d5 Qb6 4. c4 Qxb2 5. Nd2 Qb6 6. e4 d6 7. f4 Qa5 8. Qc2 Nbd7 9. Ngf3 h6 10. Bh4 g5 11. fxg5 hxg5 12. Bxg5 Bg7 13. Rb1 Ng4 14. Rb5 Qc7 15. Be2 Nde5 16. Qb1 b6 17. 0-0 Bd7 18. Rb3 Rb8 19. h3 Nxf3+ 20. Rbxf3 Bd4+ 21. Kh1 f6 22. Bf4 a6 23. Rg3 Qc8 24. Nf3 Nf2+ 25. Kh2 Ng4+ 26. Kh1 Nf2+ 27. Kh2 Nxe4 28. Qxe4 Bf5 29. Qxf5 Qxf5 30. Nxd4 cxd4 31. Bxd6 Qxf1 32. Bxf1 exd6 33. Rg4 Kf7 34. Rxd4 Rhe8 35. Bd3 Re1 36. Rh4 Rg8 37. Rf4 Rge8 38. Rh4 R8e3 39. Bf5 Re5 40. g4 R1e2+ 41. Kg3 R5e3+ 42. Kf4 Rc3 43. Rh7+ Kg8 44. Rc7 b5 45. Rc8+ Kg7 46. Rc7+ Kf8 47. Rc8+ Re8 48. Rxe8+ Kxe8 49. cxb5 axb5 50. g5 Rc4+ 51. Be4 fxg5+ 52. Kf5 Rd4 53. Bg2 Rd2 54. Be4 Re2 55. a3 Ke7 56. Bf3 Re3 57. Bg4 Rxa3 58. Kxg5 Rd3 59. Kg6 b4 60. h4 Rg3 0-1

[Event "Schleswig Holstein-ch Vormeister"]
[Site "Schoenberg"]
[Date "2005.??.??"]
[Round "3"]
[White "Dreesen, Jan"]
[Black "Voelzke, Ferdinand"]
[Result "1-0"]
[WhiteElo "2166"]
[BlackElo "2199"]
[PlyCount "83"]
[EventDate "2005.10.??"]
[EventType "tourn"]
[EventRounds "9"]
[EventCountry "GER"]
[SourceTitle "EXT 2022"]
[Source "ChessBase"]
[SourceDate "2021.10.06"]
[SourceVersion "1"]
[SourceVersionDate "2021.10.06"]
[SourceQuality "1"]

1. d4 Nf6 2. Bg5 e6 3. Nd2 h6 4. Bh4 c5 5. e3 Nc6 6. c3 d5 7. Bd3 Qb6 8. Rb1 Bd7 9. f4 Rc8 10. Ngf3 cxd4 11. exd4 Na5 12. Qe2 a6 13. 0-0 Bb5 14. f5 Bxd3 15. Qxd3 Qb5 16. Qxb5+ axb5 17. fxe6 fxe6 18. Rbe1 b4 19. Rxe6+ Kd7 20. Re3 Nc6 21. Bxf6 gxf6 22. Nh4 Rg8 23. Rxf6 Be7 24. Rxh6 bxc3 25. bxc3 Kc7 26. Rxc6+ Kxc6 27. Rxe7 Ra8 28. Nhf3 Rxa2 29. h4 Rc2 30. Re3 Kd6 31. Kh2 b5 32. h5 Ra2 33. Kh3 Ra3 34. Nb1 Ra7 35. g4 Ra1 36. Nfd2 Ra7 37. Kh4 Rb7 38. g5 b4 39. cxb4 Rxb4 40. Nb3 Rb7 41. N1d2 Rf7 42. Rf3 1-0

[Event "Bad Woerishofen op 18th"]
[Site "Bad Woerishofen"]
[Date "2002.??.??"]
[Round "7"]
[White "Dreesen, Jan"]
[Black "Huhn, Ulrich"]
[Result "1-0"]
[WhiteElo "2137"]
[BlackElo "2019"]
[PlyCount "62"]
[EventDate "2002.03.??"]
[EventType "swiss"]
[EventRounds "9"]
[EventCountry "GER"]
[SourceTitle "EXT 2003"]
[Source "ChessBase"]
[SourceDate "2002.11.25"]
[SourceVersion "1"]
[SourceVersionDate "2002.11.25"]
[SourceQuality "1"]

1. d4 d5 2. Nf3 c6 3. Bg5 Nf6 4. Nbd2 Bf5 5. e3 h6 6. Bh4 e6 7. Bd3 Bxd3 8. cxd3 Be7 9. 0-0 Nbd7 10. Ne5 Nxe5 11. dxe5 Nh7 12. Bxe7 Qxe7 13. f4 Qc7 14. d4 0-0 15. Qg4 Qe7 16. Nf3 f5 17. Qh3 Rac8 18. Kh1 c5 19. dxc5 Rxc5 20. Nd4 Rfc8 21. g4 fxg4 22. Qxg4 Re8 23. Rg1 Rc7 24. Rg3 Nf8 25. Rag1 g6 26. h4 Qg7 27. h5 Ree7 28. hxg6 a6 29. Qh4 Nd7 30. f5 exf5 31. Nxf5 Qxe5 1-0

[Event "Bad Woerishofen op 18th"]
[Site "Bad Woerishofen"]
[Date "2002.??.??"]
[Round "6"]
[White "Maahs, Erich"]
[Black "Dreesen, Jan"]
[Result "1-0"]
[WhiteElo "2200"]
[BlackElo "2137"]
[PlyCount "67"]
[EventDate "2002.03.??"]
[EventType "swiss"]
[EventRounds "9"]
[EventCountry "GER"]
[SourceTitle "EXT 2003"]
[Source "ChessBase"]
[SourceDate "2002.11.25"]
[SourceVersion "1"]
[SourceVersionDate "2002.11.25"]
[SourceQuality "1"]

1. e4 d5 2. exd5 Qxd5 3. Nc3 Qa5 4. d4 c6 5. Nf3 Bf5 6. Ne5 Nf6 7. g4 Be6 8. Bc4 Bd5 9. Bxd5 cxd5 10. Qf3 Nc6 11. Be3 Nxe5 12. dxe5 Ne4 13. e6 fxe6 14. Bd4 h5 15. gxh5 Nf6 16. 0-0-0 0-0-0 17. Rhe1 Rd6 18. Rd3 Rxh5 19. Rde3 Rf5 20. Qh3 Rh5 21. Qg2 Kd7 22. Qg6 Rh4 23. f4 Qd8 24. Nb5 Ra6 25. f5 Ne4 26. fxe6+ Kc8 27. c4 Rh6 28. Qf5 Nf6 29. Rc3 Qa5 30. cxd5+ Kd8 31. Qc2 Rc6 32. dxc6 Qxb5 33. Bxf6 Rxf6 34. Qd2+ 1-0

[Event "Kiel op 14th"]
[Site "Kiel"]
[Date "2001.08.21"]
[Round "6"]
[White "Dreesen, Jan"]
[Black "Porth, Hartmut"]
[Result "1/2-1/2"]
[WhiteElo "2118"]
[BlackElo "2214"]
[PlyCount "107"]
[EventDate "2001.08.18"]
[EventType "swiss"]
[EventRounds "9"]
[EventCountry "GER"]
[SourceTitle "EXT 2003"]
[Source "ChessBase"]
[SourceDate "2002.11.25"]
[SourceVersion "1"]
[SourceVersionDate "2002.11.25"]
[SourceQuality "1"]

1. d4 d5 2. Nf3 Nc6 3. Bg5 h6 4. Bh4 g5 5. Bg3 Bg7 6. e3 Nf6 7. Bb5 Bd7 8. Nbd2 a6 9. Ba4 b5 10. Bb3 Bf5 11. a4 e6 12. axb5 axb5 13. Rxa8 Qxa8 14. Bxc7 Ne4 15. Nxe4 Bxe4 16. 0-0 0-0 17. Qe2 Qb7 18. Bd6 Ra8 19. c3 Na5 20. Nd2 Nxb3 21. Nxb3 Qc6 22. Bc5 Bg6 23. Rc1 Qa6 24. h3 Qc6 25. Qd1 Ra4 26. Ba3 Bf8 27. Bxf8 Kxf8 28. Nc5 Ra7 29. Ra1 Qa8 30. Rxa7 Qxa7 31. Qc1 Ke7 32. Kh2 Qa2 33. f3 Qa8 34. Qd2 Qb8+ 35. Kg1 Qa8 36. Qe2 Qc6 37. e4 dxe4 38. fxe4 e5 39. Qe3 exd4 40. cxd4 Qa8 41. Qa3 Qxa3 42. bxa3 h5 43. h4 gxh4 44. Kh2 Kd6 45. Kh3 f5 46. e5+ Kd5 47. e6 Kxd4 48. Na6 Kd5 49. Nc7+ Kc6 50. Nxb5 Kxb5 51. Kxh4 Ka4 52. Kg5 Be8 53. Kxf5 Kxa3 54. Kg5 1/2-1/2

[Event "Kiel op 14th"]
[Site "Kiel"]
[Date "2001.08.20"]
[Round "5"]
[White "Kalinitschew, Sergey"]
[Black "Dreesen, Jan"]
[Result "1-0"]
[WhiteElo "2483"]
[BlackElo "2118"]
[PlyCount "99"]
[EventDate "2001.08.18"]
[EventType "swiss"]
[EventRounds "9"]
[EventCountry "GER"]
[SourceTitle "EXT 2003"]
[Source "ChessBase"]
[SourceDate "2002.11.25"]
[SourceVersion "1"]
[SourceVersionDate "2002.11.25"]
[SourceQuality "1"]

1. d4 d5 2. c4 c6 3. Nc3 e6 4. e4 dxe4 5. Nxe4 Bb4+ 6. Bd2 Bxd2+ 7. Qxd2 Nf6 8. Nxf6+ Qxf6 9. Nf3 Nd7 10. 0-0-0 0-0 11. Qe3 b6 12. Ne5 c5 13. Nxd7 Bxd7 14. dxc5 Bc6 15. f3 bxc5 16. Qxc5 Rfc8 17. Qd4 Qg5+ 18. Qd2 Qf6 19. Kb1 Ba4 20. b3 Rab8 21. Qb2 Qe7 22. Bd3 a5 23. Rc1 Be8 24. Rc3 a4 25. Rhc1 Qc5 26. Be4 Rb6 27. Rd1 Rcb8 28. g4 f6 29. h4 axb3 30. axb3 Ba4 31. Bc2 Bc6 32. h5 Ra8 33. Rcd3 Qe7 34. Rd6 Rba6 35. Rxc6 Rxc6 36. Be4 Rca6 37. Bxa8 Rxa8 38. Rc1 Qb4 39. c5 Rc8 40. c6 Kf7 41. Qa2 Rc7 42. Qc2 Qa3 43. Rd1 Ke7 44. Qd3 Ra7 45. Qd8+ Kf7 46. Rd7+ Rxd7 47. Qxd7+ Kf8 48. Qc8+ Ke7 49. Qb7+ Kd6 50. c7 1-0

[Event "Schleswig Holstein-ch VM 56th"]
[Site "Eckernfoerde"]
[Date "2001.??.??"]
[Round "5"]
[White "Raddatz, Michael"]
[Black "Dreesen, Jan"]
[Result "0-1"]
[WhiteElo "2050"]
[BlackElo "2118"]
[PlyCount "148"]
[EventDate "2001.04.??"]
[EventType "swiss"]
[EventRounds "9"]
[EventCountry "GER"]
[SourceTitle "EXT 2004"]
[Source "ChessBase"]
[SourceDate "2003.11.25"]
[SourceVersion "1"]
[SourceVersionDate "2003.11.25"]
[SourceQuality "1"]

1. e4 d5 2. exd5 Qxd5 3. Nc3 Qa5 4. d4 c6 5. Bc4 Bf5 6. Bd2 e6 7. Nge2 Nf6 8. Ng3 Bg6 9. h4 h6 10. d5 Qc5 11. dxc6 Nxc6 12. Bb5 Qe5+ 13. Qe2 Bd6 14. 0-0-0 0-0 15. Be3 Bb4 16. Bxc6 Bxc3 17. bxc3 bxc6 18. Bd4 Qxe2 19. Nxe2 Nd5 20. a3 e5 21. Bc5 Rfd8 22. Rd2 f6 23. Rhd1 Rdb8 24. c4 Nb6 25. Rd6 Nxc4 26. Rxc6 Rc8 27. Rxc8+ Rxc8 28. Bxa7 Nxa3 29. c3 Nb5 30. Rd7 Be8 31. Rb7 Bc6 32. Re7 Bxg2 33. Kd2 Kf8 34. Rd7 Bf3 35. Ng3 Bg4 36. Rb7 Nxc3 37. Bb8 Nd5 38. Bd6+ Kg8 39. Ne4 Rd8 40. Rb8 Rxb8 41. Bxb8 Kf7 42. Bd6 Kg6 43. Ng3 Nf4 44. Bf8 Kf7 45. Bd6 Ng2 46. Ne4 Nxh4 47. Nc5 Ng2 48. Nd3 h5 49. f3 Bxf3 50. Bxe5 Be4 51. Nf2 fxe5 52. Nxe4 Ke6 53. Ke2 Kf5 54. Nd6+ Kf4 55. Kf2 Nh4 56. Ne8 Nf5 57. Nc7 Nd4 58. Ne8 Ne6 59. Nd6 e4 60. Nc4 Nd4 61. Ne3 Nf5 62. Nc4 e3+ 63. Ke2 Ke4 64. Ke1 h4 65. Kf1 Ng3+ 66. Kg2 Kd4 67. Nd6 Kd3 68. Nf7 Nf5 69. Ne5+ Kd2 70. Nf3+ Kd1 71. Kf1 h3 72. Ne1 Nd4 73. Nd3 Kd2 74. Nf4 e2+ 0-1

[Event "Schleswig Holstein-ch qaul cand"]
[Site "Bad Segeberg"]
[Date "1998.04.10"]
[Round "9.27"]
[White "Dreesen, Jan"]
[Black "Boettcher, Ulrich"]
[Result "1-0"]
[WhiteElo "2140"]
[BlackElo "2015"]
[PlyCount "99"]
[EventDate "1998.??.??"]
[EventType "swiss"]
[EventRounds "9"]
[EventCountry "GER"]
[SourceTitle "EXT 2002"]
[Source "ChessBase"]
[SourceDate "2001.11.25"]
[SourceVersion "1"]
[SourceVersionDate "2001.11.25"]
[SourceQuality "1"]

1. d4 e6 2. Nf3 Nf6 3. Bg5 d5 4. e3 Nbd7 5. Bd3 Be7 6. Nbd2 b6 7. 0-0 0-0 8. Ne5 Bb7 9. c3 Ne4 10. Bxe7 Qxe7 11. f4 Nxd2 12. Qxd2 Nf6 13. Rf3 Ne4 14. Qe2 f6 15. Ng4 c5 16. Rh3 Rae8 17. Rf1 Rf7 18. Rff3 Rff8 19. Qe1 f5 20. Ne5 Rc8 21. Bxe4 dxe4 22. Rfg3 Rc7 23. Rg5 Rf6 24. Qh4 h6 25. Qh5 cxd4 26. exd4 Bc6 27. Rhg3 Qe8 28. Qh4 hxg5 29. fxg5 Rg6 30. Rh3 Kf8 31. Qh5 Rh6 32. gxh6 Qxh5 33. Rxh5 gxh6 34. Rxh6 Bd5 35. a3 Rg7 36. g3 b5 37. Kf2 Kg8 38. Rg6 Rxg6 39. Nxg6 a5 40. Ke3 Kg7 41. Nh4 a4 42. Kf4 Kf6 43. Ng2 Bc4 44. Ne3 Be2 45. g4 fxg4 46. Nxg4+ Kg7 47. Nf2 Kg6 48. Nxe4 Kf7 49. Ke5 Bg4 50. Nd6+ 1-0